| 000 | 01807nam0a2200373 4500 | ||
|---|---|---|---|
| 001 | RU\NLR\bibl\1249652 | ||
| 005 | 20250615123527.0 | ||
| 010 |
_a978-5-7032-0713-0 _91000 |
||
| 021 |
_aRU _b2008-50330 _92787 |
||
| 035 | _a(NLR Aleph) 001235765 | ||
| 090 |
_a227097 _c227097 |
||
| 100 | _a20080707d2008 |||y0rusy50 ca | ||
| 101 | 0 | _arus | |
| 102 | _aRU | ||
| 105 | _aa ||||||||| | ||
| 200 | 1 |
_aСанитарно-противоэпидемический режим в учреждениях стоматологического профиля _fС.И. Гажва, Г.А. Черняева, Ю.А. Щабельский _gНижегород. гос. мед. акад. |
|
| 205 | _a3-е изд. | ||
| 210 |
_aНижний Новгород _cИзд-во НижГМА _d2008 |
||
| 215 |
_a110 с. _cил. _d20 |
||
| 320 | _aБиблиогр.: с. 91-92 (16 назв.) | ||
| 606 | 1 |
_aСтоматологические учреждения _xПротивоэпидемические мероприятия _92229380 _3RU\NLR\auth\661338162 |
|
| 606 | 1 |
_aСтоматологические учреждения _xГигиенические требования _92447652 _3RU\NLR\auth\661455570 |
|
| 686 | _aР193.262 | ||
| 686 | _aР121.289.62 | ||
| 700 | 1 |
_4070 _7ca _8rus _aГажва _bС. И. _gСветлана Иосифовна _950531 _3RU\NLR\auth\7767603 |
|
| 701 | 1 |
_aЧерняева _bГ. А. _gГалина Александровна _4070 |
|
| 701 | 1 |
_aЩабельский _bЮ. А. _gЮрий Андреевич _4070 |
|
| 801 | 0 |
_aRU _bNLR _c20080707 _gRCR |
|
| 801 | 1 |
_aRU _bNLR _c20080707 |
|
| 830 | _aавт. по базе | ||
| 942 | _cBOOK | ||
| 980 | _aNB | ||
| 980 | _aNBR | ||